[Event "Titled Tuesday intern op 24th Sep Late"]
[Site "Chess.com INT"]
[Date "2024.09.24"]
[Round "1"]
[White "Makarian, Rudik"]
[Black "Golubovskis, Maksims"]
[Result "1-0"]
[WhiteElo "2550"]
[BlackElo "2192"]
[PlyCount "53"]
[EventDate "2024.09.24"]
[EventType "swiss (blitz)"]
[EventRounds "11"]
[EventCountry "USA"]
[SourceTitle "EXT 2025"]
[Source "ChessBase"]
[SourceDate "2024.10.14"]
[SourceVersion "1"]
[SourceVersionDate "2024.10.14"]
[SourceQuality "1"]

1. d4 Nf6 2. Nf3 e6 3. c4 d5 4. Nc3 dxc4 5. e4 b5 6. e5 Nd5 7. Nxb5 Nb6 8. Nc3 Nc6 9. Be2 Be7 10. Be3 Rb8 11. a3 Qd7 12. Qc2 Bb7 13. Rd1 Na5 14. h4 f5 15. exf6 Bxf6 16. Rh3 Bc6 17. Ne5 Bxe5 18. dxe5 Nd5 19. Bxa7 Rb7 20. Bc5 Nb3 21. Be3 Nxe3 22. Rxe3 Qe7 23. Bh5+ g6 24. Bf3 Bxf3 25. Rxf3 Qxh4 26. Ne4 Rf8 27. Qxc4 1-0

[Event "Titled Tuesday intern op 17th Sep Early"]
[Site "Chess,com INT"]
[Date "2024.09.17"]
[Round "11"]
[White "Golubovskis, Maksims"]
[Black "Yoon, Jacob D"]
[Result "0-1"]
[WhiteElo "2192"]
[BlackElo "2270"]
[PlyCount "70"]
[EventDate "2024.09.17"]
[EventType "swiss (blitz)"]
[EventRounds "11"]
[EventCountry "USA"]
[SourceTitle "EXT 2025"]
[Source "ChessBase"]
[SourceDate "2024.10.14"]
[SourceVersion "1"]
[SourceVersionDate "2024.10.14"]
[SourceQuality "1"]

1. c4 g6 2. Nc3 Bg7 3. d4 d6 4. e4 e5 5. Nf3 exd4 6. Nxd4 Nc6 7. Be3 Nge7 8. Be2 0-0 9. 0-0 f5 10. exf5 Bxd4 11. Bxd4 Nxf5 12. Be3 Nxe3 13. fxe3 Rxf1+ 14. Bxf1 Be6 15. Ne4 Ne5 16. Qd4 Nc6 17. Qc3 Qe7 18. Nf6+ Kf8 19. Bd3 Ne5 20. Rf1 Kg7 21. c5 Rf8 22. cxd6 cxd6 23. Ne4 Rxf1+ 24. Kxf1 Bxa2 25. Qd4 d5 26. Nf2 Qf6 27. Be2 Nc4 28. Qxa7 Qxb2 29. Qd4+ Qxd4 30. exd4 Ne3+ 31. Kg1 Nf5 32. Bf3 Nxd4 33. Bd1 Bb3 34. Bg4 Bc4 35. Bc8 b5 0-1

[Event "Titled Tuesday intern op 17th Sep Early"]
[Site "Chess,com INT"]
[Date "2024.09.17"]
[Round "5"]
[White "Sai, Han Thiha"]
[Black "Golubovskis, Maksims"]
[Result "1-0"]
[WhiteElo "2140"]
[BlackElo "2192"]
[PlyCount "47"]
[EventDate "2024.09.17"]
[EventType "swiss (blitz)"]
[EventRounds "11"]
[EventCountry "USA"]
[SourceTitle "EXT 2025"]
[Source "ChessBase"]
[SourceDate "2024.10.14"]
[SourceVersion "1"]
[SourceVersionDate "2024.10.14"]
[SourceQuality "1"]

1. Nf3 Nf6 2. g3 e6 3. Bg2 d5 4. 0-0 Be7 5. d3 0-0 6. a4 c5 7. e4 dxe4 8. dxe4 Nc6 9. Qe2 Qc7 10. Nc3 b6 11. e5 Nd5 12. Nb5 Qb8 13. Rd1 a6 14. Nd6 Rd8 15. c4 Bxd6 16. cxd5 Nxe5 17. dxe6 Nxf3+ 18. Bxf3 Ra7 19. exf7+ Kxf7 20. Bd5+ Kf8 21. Qf3+ Ke8 22. Bg5 Rdd7 23. Re1+ Be7 24. Bc6 1-0